000
00327nam a2200133Ia 4500
008
240624s9999 xx 000 0 und d
041
_a
eng
082
_a
300.7 BAS
100
_a
BASTOW SIMON
245
_a
IMPACT OF THE SOCIAL SCIENCES HOW ACADEM
260
_c
2014
_a
New Delhi
_b
Sage
300
_a
344 : p.
365
_c
GBP
_b
32
999
_c
27974
_d
27974